000 00329nam a2200133Ia 4500
008 151001s9999||||xx |||||||||||||| ||und||
100 _a शेखर
245 _aगढीचे गहन गूढ
250 _a1
260 _bरम्यकथा प्रकाशन
260 _c1952
300 _a84
365 _b7
999 _c951360
_d951357